000 00658nam a2200193 4500
999 _c169261
_d169261
005 20191113105005.0
010 _aENG-126880
020 _a9788178245386
_c695.00
035 _aEN-110412
037 _bDBAD/PUB
082 _a325.273
100 _aMongia, Radhika
245 _aIndian migration and empire :
_ba colonial genealogy of the modern state /
_cby Radhika Mongia
260 _aLucknow
_bPermanent Black
_c2018
270 _aHimalyana, Mall Road, Ranikhet Cantt
_bRanikhet
_e263645
_mperblack@gmail.com
300 _a230p.
_c22cm(Hb)
500 _aIncludes bibliographical references and index
942 _2ddc
_cEN
_h325.273
_mMON